| 000 | 00471nam a2200169 i 4500 | ||
|---|---|---|---|
| 001 | 89545 | ||
| 003 | ES-MaACL | ||
| 005 | 20230906180222.0 | ||
| 007 | t| | ||
| 008 | 050111s1923 gw ||||1| ger d | ||
| 100 | 1 |
_aLask. Emil. _970442 |
|
| 245 | 1 | 0 |
_aGesammelte Schriften / _cEmil Lask ; herausgegeben von Eugen Herrigel. |
| 260 |
_aTübingen : _bJ.C.B. Mohr, _c1923. |
||
| 300 |
_a3 v. ; _c24 cm. |
||
| 700 | 1 |
_aHerrigel, Eugen. _963369 |
|
| 852 |
_aES-MaACL _jA-139-41 |
||
| 999 |
_c89545 _d89545 |
||